<?xml version="1.0" encoding="UTF-8"?>
<marc:record xmlns:marc="http://www.loc.gov/MARC21/slim">
   <marc:leader>00000nam a2200000 a 4500</marc:leader>
   <marc:datafield ind1="1" ind2=" " tag="100">
      <marc:subfield code="a">Ryan, Anthony</marc:subfield>
      <marc:subfield code="4">aut</marc:subfield>
      <marc:subfield code="e">Verfasser/-in</marc:subfield>
   </marc:datafield>
   <marc:datafield ind1="1" ind2=" " tag="100">
      <marc:subfield code="a">Riffel, Sara</marc:subfield>
      <marc:subfield code="4">trl</marc:subfield>
      <marc:subfield code="e">Übersetzer/-in</marc:subfield>
   </marc:datafield>
   <marc:datafield ind1="0" ind2="0" tag="245">
      <marc:subfield code="a">Der Paria</marc:subfield>
   </marc:datafield>
   <marc:datafield ind1="0" ind2="0" tag="245">
      <marc:subfield code="c">Anthony Ryan ; aus dem Englischen von Sara Riffel</marc:subfield>
   </marc:datafield>
   <marc:datafield ind1=" " ind2="1" tag="264">
      <marc:subfield code="a">Stuttgart</marc:subfield>
      <marc:subfield code="b">Klett-Cotta</marc:subfield>
      <marc:subfield code="c">2023</marc:subfield>
   </marc:datafield>
   <marc:datafield ind1="1" ind2=" " tag="490">
      <marc:subfield code="a">Der stählerne Bund</marc:subfield>
   </marc:datafield>
   <marc:datafield ind1="1" ind2=" " tag="520">
      <marc:subfield code="a">Angaben aus der Verlagsmeldung

Der Paria : Der stählerne Bund 1 The Pariah / von Anthony Ryan

»Eine mitreißende Geschichte ... ich habe jedes einzelne Wort geliebt.«
John Gwynne 

Es ist die Zeit des großen Aufruhrs und Alwyn wächst als Gesetzloser heran. Er ist ebenso gewieft im Umgang mit einer scharfen Klinge wie mit seinem scharfen Verstand - und er liebt gleichermaßen die Freiheit der Wälder und die Kameradschaft seiner Diebesbande. Der Auftakt einer neuen sagenhaften Trilogie des Bestsellerautors Anthony Ryan.

Ein Verrat trifft den Gesetzlosen Alwyn wie ein Blitz und führt auf einen Pfad voller Blut und Rache. Es dauert nicht lange, da findet er sich als Gefangener und Arbeiter in den Erzminen wieder, wo er unter den verwahrlosten Gefangenen Sihlda kennenlernt, eine Frau,die für diesen Ort seltsam gelehrt ist. Sie bringt Alwyn das Lesen und Schreiben bei. Und dann begegnet er auch noch Evadine, einer Frau, die aus ganz anderem Holz geschnitzt ist und an deren Seite er in den Kampf gegen dunkle Mächte ziehen wird. Beides wird ihn und womöglich das ganze Reich von Albermaine für immer verändern. »Anthony Ryans bestes Buch.« Michael Fletcher

</marc:subfield>
   </marc:datafield>
   <marc:datafield ind1=" " ind2=" " tag="020">
      <marc:subfield code="a">9783608980912</marc:subfield>
      <marc:subfield code="9">9783608980912</marc:subfield>
   </marc:datafield>
   <marc:datafield ind1=" " ind2=" " tag="041">
      <marc:subfield code="a">ger</marc:subfield>
   </marc:datafield>
   <marc:datafield ind1=" " ind2=" " tag="300">
      <marc:subfield code="a">720 Seiten</marc:subfield>
   </marc:datafield>
</marc:record>
